| 000 | 00631nam a2200193 4500 | ||
|---|---|---|---|
| 001 | 120751 | ||
| 003 | ES-MaACL | ||
| 005 | 20250815095103.0 | ||
| 007 | t| | ||
| 008 | 070214s1965 ve r ||||1| spa d | ||
| 100 | 1 |
_aPrados Arrarte, Jesús. _993635 |
|
| 245 | 1 | 0 |
_aPrincipios de una teoría económica dinámica / _cJesús Prados Arrarte. |
| 260 |
_aCaracas [etc.] : _bAriel, _c1970. |
||
| 300 |
_a277 p. ; _c19 cm. |
||
| 490 | 1 |
_aDemor. Biblioteca de ciencia económica ; _v4 |
|
| 830 | 0 |
_aDemos. Biblioteca de ciencia política _v4 _9182643 |
|
| 852 |
_aES-MaACL _jC-39926 _bR.73672 |
||
| 999 |
_c120751 _d120751 |
||